[Event "XVIII MIEDZYNARODOWY FESTIWAL SZACHOWY PERLA BALTYKU - GRUPA A (FIDE min. 1700)"]
[Site "LAZY"]
[Date "1899-12-30"]
[Round "1.1"]
[White "Banasik, Krzysztof"]
[Black "Hasinski, Krystian"]
[Result "1-0"]
[WhiteTitle "k+"]
[BlackTitle "I++"]
[WhiteElo "2199"]
[BlackElo "1714"]

1. e4 c6 2. Nc3 g6 3. g3 Bg7 4. Bg2 d6 5. f4 e5 6. d3 Qb6 7. Qe2 exf4 8. gxf4 Ne7
9. Nf3 Na6 10. a3 Nc7 11. Nd1 Bg4 12. c3 Ne6 13. Nf2 Bh5 14. O-O O-O 15. Be3 Qc7
16. Qd2 Rad8 17. Ng5 d5 18. Nxe6 fxe6 19. Rae1 d4 20. cxd4 Bxd4 21. Nh1 Qb6 22.
Rf2 Bxe3 23. Rxe3 Qc7 24. Ng3 b6 25. Nxh5 gxh5 26. Rg3+ Kf7 27. Qe2 Ke8 28. Qxh5+
Kd7 29. Rg7 Rde8 30. Qg5 Qd6 31. Qe5 h6 32. Qxd6+ Kxd6 33. e5+ Kc5 34. Be4 Nd5
35. Bxd5 cxd5 36. Rxa7 Kd4 37. Rf3 b5 38. Rc7 Rc8 39. Rxc8 Rxc8 40. Kg2 Rc2+ 41.
Rf2 Rc8 42. Kf3 Kxd3 43. f5 exf5 44. Kf4 Re8 45. Rg2 d4 46. h4 Kc4 47. Rg6 d3
48. Rd6 h5 49. Kxf5 Rf8+ 50. Ke4 Kb3 51. Rxd3+ Kxb2 52. e6 Kc2 53. Rf3 1-0

[Event "XVIII MIEDZYNARODOWY FESTIWAL SZACHOWY PERLA BALTYKU - GRUPA A (FIDE min. 1700)"]
[Site "LAZY"]
[Date "1899-12-30"]
[Round "1.2"]
[White "Zareba, Piotr"]
[Black "Rawicz, Karol"]
[Result "0-1"]
[WhiteTitle "II"]
[BlackTitle "FM"]
[WhiteElo "1708"]
[BlackElo "2186"]

1. e4 d5 2. exd5 Qxd5 3. Nc3 Qd6 4. Bc4 Nf6 5. Nge2 a6 6. O-O b5 7. Bb3 c5 8. d3
Bb7 9. Bf4 Qc6 10. f3 Nbd7 11. a4 c4 12. Ba2 e5 13. Be3 Ng4 14. Bf2 Nxf2 15. Rxf2
Bc5 16. d4 Bb6 17. Kh1 O-O 18. Bb1 Rad8 19. axb5 axb5 20. Ne4 exd4 21. Nxd4 Bxd4
22. Qxd4 Nc5 23. c3 Rxd4 24. cxd4 Nxe4 25. Bxe4 Qb6 26. Rd2 Bxe4 27. fxe4 Rd8
28. d5 Qe3 29. Rad1 b4 30. d6 c3 31. bxc3 bxc3 32. Rd3 c2 33. Rxe3 cxd1=Q+ 34.
Re1 Qxe1# 0-1

[Event "XVIII MIEDZYNARODOWY FESTIWAL SZACHOWY PERLA BALTYKU - GRUPA A (FIDE min. 1700)"]
[Site "LAZY"]
[Date "1899-12-30"]
[Round "1.3"]
[White "Mielczarski, Miroslaw"]
[Black "Goral, Jan"]
[Result "1/2-1/2"]
[WhiteTitle "k"]
[BlackTitle "I"]
[WhiteElo "2115"]
[BlackElo "1700"]

1. d4 c5 2. dxc5 Nf6 3. a3 g6 4. e3 Bg7 5. Nc3 O-O 6. Rb1 a5 7. Nf3 Qc7 8. b4 axb4
9. axb4 b6 10. Nb5 Qd8 11. cxb6 Qxb6 12. Be2 Ne4 13. Qd3 Bb7 14. O-O d5 15. Bb2
Bxb2 16. Rxb2 Rc8 17. Rc1 Na6 18. c3 Nc7 19. Nbd4 Ra3 20. Rb3 Rxb3 21. Nxb3 Ba6
22. Qd4 Qxd4 23. Nfxd4 Bxe2 24. Nxe2 Nb5 25. Kf1 Nexc3 26. Nbd4 Rc7 27. Nxb5 Nxb5
28. Rxc7 Nxc7 29. Nc3 Kf8 30. b5 e6 31. f4 Ke7 32. b6 Na6 33. e4 Kd6 34. exd5
exd5 35. b7 Kc6 36. Ke2 Kxb7 37. Nxd5 Kc6 38. Nf6 h5 39. f5 Kd6 40. fxg6 fxg6
41. Kf3 Ke6 42. Ne4 Kf5 43. Nd6+ Ke6 1/2-1/2

[Event "XVIII MIEDZYNARODOWY FESTIWAL SZACHOWY PERLA BALTYKU - GRUPA A (FIDE min. 1700)"]
[Site "LAZY"]
[Date "1899-12-30"]
[Round "1.5"]
[White "Kaliszuk, Kamil"]
[Black "Kusiak, Mateusz"]
[Result "1/2-1/2"]
[WhiteTitle "k"]
[BlackTitle "I+"]
[WhiteElo "2088"]
[BlackElo "1693"]

1. e4 c5 2. Nf3 g6 3. c4 Nc6 4. d4 cxd4 5. Nxd4 Nf6 6. Nc3 Nxd4 7. Qxd4 d6 8. f3
Bg7 9. Be3 O-O 10. Qd2 Be6 11. Rc1 Qa5 12. b3 Rfc8 13. Bd3 a6 14. Ne2 Qxd2+ 15.
Kxd2 b5 16. cxb5 axb5 17. Rxc8+ Bxc8 18. Bb1 d5 19. e5 Nd7 20. Nc3 Bxe5 21. Nxd5
Bb7 22. Nb4 Rc8 23. Nd3 Bd6 24. h3 e5 25. Rc1 Rd8 26. Ke2 e4 27. fxe4 Bxe4 28.
Nf4 Nf6 29. g4 Ra8 30. Bxe4 Nxe4 31. Kd3 Bxf4 32. Bxf4 Nf2+ 33. Ke3 Nxh3 34. Bh6
f6 35. Rc7 g5 36. Rg7+ Kh8 37. Rd7 Kg8 38. Rg7+ Kh8 39. Rf7 Nf4 40. Ke4 Re8+ 41.
Kf3 Nd5 42. Rd7 Ne7 43. Bf8 Rxf8 44. Rxe7 Ra8 45. Re2 Kg7 46. Rc2 Kg6 47. Rh2
Ra7 48. Ke4 Rd7 1/2-1/2

[Event "XVIII MIEDZYNARODOWY FESTIWAL SZACHOWY PERLA BALTYKU - GRUPA A (FIDE min. 1700)"]
[Site "LAZY"]
[Date "1899-12-30"]
[Round "1.6"]
[White "Bury, Milosz"]
[Black "Laszewicz, Pawel"]
[Result "1-0"]
[WhiteTitle "II"]
[BlackTitle "k"]
[WhiteElo "1685"]
[BlackElo "2075"]

1. e4 c5 2. Nf3 Nc6 3. Bb5 g6 4. O-O Bg7 5. c3 e5 6. d3 Nge7 7. Be3 d6 8. d4 cxd4
9. cxd4 a6 10. Bxc6+ Nxc6 11. dxe5 O-O 12. Bg5 Qb6 13. Nbd2 dxe5 14. Nc4 Qc7 15.
Rc1 Be6 16. Be3 Rfd8 17. Qe1 Bxc4 18. Rxc4 Rac8 19. Qc1 Qd7 20. Bb6 Nd4 21. Nxd4
Rxc4 22. Qxc4 Rc8 23. Qd5 Qxd5 24. exd5 exd4 25. d6 Bf6 26. d7 Rf8 27. Re1 d3
28. Kf1 d2 29. Rd1 Kg7 30. Rxd2 Bd8 31. Bc5 Rg8 32. Re2 f6 33. Re7+ Kh6 34. Re8
Kg7 35. Be7 1-0

[Event "XVIII MIEDZYNARODOWY FESTIWAL SZACHOWY PERLA BALTYKU - GRUPA A (FIDE min. 1700)"]
[Site "LAZY"]
[Date "1899-12-30"]
[Round "1.7"]
[White "Betkowski, Andrzej"]
[Black "Bem, Tymoteusz"]
[Result "1-0"]
[WhiteTitle "k"]
[BlackTitle "II+"]
[WhiteElo "2063"]
[BlackElo "1682"]

1. e4 c5 2. Nc3 Nc6 3. Nge2 g6 4. d4 cxd4 5. Nxd4 Bg7 6. Nde2 Nf6 7. g3 d6 8. Bg2
Bd7 9. h3 Rc8 10. O-O O-O 11. Be3 Qa5 12. Nd5 Nxd5 13. exd5 Ne5 14. b3 Bb5 15.
c4 Ba6 16. a4 Qc7 17. Bd4 b6 18. f4 Nd7 19. Bxg7 Kxg7 20. Nd4 Bb7 21. Re1 Rce8
22. Ra2 Nc5 23. Rae2 Bc8 24. Nb5 Qd7 25. b4 Na6 26. Qd2 Nb8 27. f5 Ba6 28. Nd4
Qxa4 29. Rxe7 Rxe7 30. Rxe7 Qa1+ 31. Kh2 Bc8 32. Ne6+ Bxe6 33. fxe6 a5 34. bxa5
bxa5 35. Ra7 Qe5 36. Qxa5 h5 37. h4 g5 38. Qa1 Qxa1 39. Rxa1 gxh4 40. gxh4 fxe6
41. dxe6 Rf4 42. Ra7+ Kg6 43. e7 Rxh4+ 44. Kg1 Kf7 45. Bd5+ Ke8 46. Ra8 Kxe7 47.
Rxb8 Rh3 48. Kg2 Rc3 49. Rh8 Kd7 50. Rh7+ Kd8 51. Rxh5 Kc7 52. Rh6 Rd3 53. Kf2
Rc3 54. Ke2 Ra3 55. Re6 Rb3 56. Re3 Rb2+ 57. Kd3 Kb6 58. Kd4 Rd2+ 59. Rd3 Rh2
60. Rb3+ Kc7 61. Rb7+ Kc8 62. Rf7 Rh4+ 63. Kc3 Rh2 64. Kb4 Rb2+ 65. Ka5 Rb1 66.
Bc6 Rc1 67. Kb6 Rb1+ 68. Bb5 Kd8 69. Rd7+ 1-0

[Event "XVIII MIEDZYNARODOWY FESTIWAL SZACHOWY PERLA BALTYKU - GRUPA A (FIDE min. 1700)"]
[Site "LAZY"]
[Date "1899-12-30"]
[Round "1.8"]
[White "Przybylski, Bartosz"]
[Black "Krainski, Aleksander"]
[Result "1/2-1/2"]
[WhiteTitle "I"]
[BlackTitle "FM"]
[WhiteElo "1679"]
[BlackElo "2053"]

1. d4 d5 2. c4 e6 3. Nc3 Nf6 4. cxd5 exd5 5. Bg5 Be7 6. e3 Nbd7 7. Bd3 h6 8. Bh4
O-O 9. Nge2 c5 10. dxc5 Nxc5 11. Bc2 Be6 12. O-O Qb6 13. Rb1 Rad8 14. Nd4 Rfe8
15. h3 Nce4 16. Nxe4 dxe4 17. Bb3 Bxb3 18. Qxb3 Qxb3 19. Nxb3 Rd7 20. Rfd1 Red8
21. Rd4 Rxd4 22. Nxd4 g5 23. Nf5 Bf8 24. Bg3 Rd5 25. Nd4 Nh5 26. Bb8 Bc5 27. Nb3
Bb6 28. g4 Nf6 29. Kf1 h5 30. gxh5 Nxh5 31. Ke2 1/2-1/2

[Event "XVIII MIEDZYNARODOWY FESTIWAL SZACHOWY PERLA BALTYKU - GRUPA A (FIDE min. 1700)"]
[Site "LAZY"]
[Date "1899-12-30"]
[Round "1.9"]
[White "Gradalski, Olaf"]
[Black "Hury, Tymoteusz"]
[Result "1-0"]
[WhiteTitle "k"]
[BlackTitle "I"]
[WhiteElo "2049"]
[BlackElo "1679"]

1. Nf3 d5 2. d4 Nf6 3. g3 e6 4. Bg2 Be7 5. O-O O-O 6. c4 dxc4 7. Ne5 Nc6 8. Bxc6
bxc6 9. Nxc6 Qe8 10. Nxe7+ Qxe7 11. Qa4 e5 12. dxe5 Qxe5 13. Qxc4 Be6 14. Qc2
Qh5 15. f3 Rfe8 16. Rf2 Rad8 17. Nc3 Rd7 18. e4 Red8 19. Be3 Qa5 20. Rff1 Bc4
21. Rfd1 Bd3 22. Qf2 a6 23. Rd2 Bc4 24. Rad1 h6 25. Bd4 Ne8 26. Bb6 Rxd2 27. Rxd2
Rxd2 28. Bxa5 Rxf2 29. Kxf2 c6 30. b3 Be6 31. Na4 Nd6 32. Nc5 Bc8 33. Ke3 f6 34.
Bc7 Ne8 35. Bb8 Kf7 36. Kd4 Ke7 37. Na4 f5 38. e5 Be6 39. Kc5 Bd5 40. f4 g5 41.
Kb6 Ng7 42. Nc5 Nh5 43. e6 Ng7 44. Nxa6 Nxe6 45. Be5 gxf4 46. gxf4 Kd8 47. Nb8
c5 48. Na6 c4 49. Nb4 cxb3 50. Nxd5 bxa2 51. Kc6 Ke8 52. Nc7+ Kf7 53. Nxe6 Kxe6
54. Kc5 Kf7 55. Kd5 Kg6 56. Ke6 Kh5 57. Kxf5 Kh4 58. Kg6 h5 59. f5 Kg4 60. f6
1-0

[Event "XVIII MIEDZYNARODOWY FESTIWAL SZACHOWY PERLA BALTYKU - GRUPA A (FIDE min. 1700)"]
[Site "LAZY"]
[Date "1899-12-30"]
[Round "1.10"]
[White "Bochniak, Franciszek"]
[Black "Majocha, Piotr"]
[Result "1/2-1/2"]
[WhiteTitle "I+"]
[BlackTitle "I++"]
[WhiteElo "1664"]
[BlackElo "2036"]

1. d4 Nf6 2. Bg5 Ne4 3. h4 h6 4. Bf4 d5 5. Nd2 Bf5 6. e3 Nxd2 7. Qxd2 e6 8. Bd3
c6 9. Ne2 h5 10. Bxf5 exf5 11. Qd3 g6 12. Be5 Rg8 13. O-O-O Be7 14. Bg3 Nd7 15.
Nc3 Bb4 16. a3 Bxc3 17. Qxc3 Qe7 18. f3 f6 19. Rde1 Kf8 20. Re2 Kg7 21. Rhe1 Rge8
22. Qd3 Nb6 23. e4 fxe4 24. fxe4 dxe4 25. Rxe4 Qd7 26. Qe2 Kf7 27. Rxe8 Rxe8 28.
Qxe8+ Qxe8 29. Rxe8 Kxe8 30. b3 Nd5 31. Kd2 Kd7 32. c4 Ne7 33. Kd3 Nf5 34. Bf2
Ke6 35. Ke4 Nd6+ 36. Kf4 a6 37. a4 b5 38. d5+ cxd5 39. cxb5 axb5 40. a5 Kd7 41.
Bd4 Ne4 42. b4 Kc6 43. Bb2 g5+ 44. Kf5 gxh4 45. Kg6 Ng5 46. Kxf6 h3 47. gxh3 Nxh3
48. Kg6 Nf4+ 49. Kg5 Nd3 50. Bc3 d4 51. Bxd4 Nxb4 52. Bc3 Na6 53. Kxh5 Nc5 54.
Kg4 Kb7 55. Kf3 Ka6 56. Ke3 Nb3 57. Kd3 Nxa5 58. Kc2 Nc6 59. Kb3 Kb6 60. Bb4 Nd4+
61. Kc3 Ne2+ 62. Kd3 Nf4+ 63. Ke4 Ne6 64. Kd3 Kc6 65. Kc3 Kd5 66. Be7 Nf4 67.
Kb4 Kc6 68. Bf8 Ne6 69. Be7 Nc7 70. Bf8 Na6+ 71. Kb3 Nc5+ 72. Bxc5 Kxc5 73. Kc3
b4+ 74. Kb3 Kb5 75. Kb2 Kc4 76. Kc2 b3+ 77. Kb2 Kb4 78. Kb1 Ka4 79. Kb2 Kb4 80.
Kb1 Kc3 81. Kc1 Kd4 82. Kb2 Kc4 83. Kb1 Kc3 84. Kc1 b2+ 85. Kb1 Kb3 1/2-1/2

[Event "XVIII MIEDZYNARODOWY FESTIWAL SZACHOWY PERLA BALTYKU - GRUPA A (FIDE min. 1700)"]
[Site "LAZY"]
[Date "1899-12-30"]
[Round "1.11"]
[White "Babiarz, Arkadiusz"]
[Black "Lecki, Leonard"]
[Result "0-1"]
[WhiteTitle "I++"]
[BlackTitle "II+"]
[WhiteElo "2027"]
[BlackElo "1658"]

1. e4 c5 2. Nf3 e6 3. c3 Nc6 4. d4 d5 5. exd5 Qxd5 6. Na3 Nf6 7. Be2 Be7 8. O-O
O-O 9. Nc2 b6 10. Bf4 Bb7 11. Ne3 Qd8 12. Qa4 cxd4 13. cxd4 Nb4 14. Rac1 Nbd5
15. Be5 a6 16. Qb3 b5 17. Nd2 Qa5 18. Ndc4 bxc4 19. Qxb7 Qb5 20. Qxb5 axb5 21.
a3 Ne4 22. Bf3 f5 23. Rfe1 Bg5 24. Rc2 Bxe3 25. fxe3 Kf7 26. Kf1 g6 27. Ke2 Ke7
28. Rec1 Rfc8 29. g4 c3 30. bxc3 Rxa3 31. gxf5 gxf5 32. Bxe4 fxe4 33. Kd2 Rg8
34. Bg3 Rc8 35. Bf4 Rb3 36. c4 Nb4 37. Rc3 Rxc3 38. Rxc3 bxc4 39. Ra3 Nd5 40.
Ra7+ Kf6 41. Rxh7 c3+ 42. Kc1 Nxf4 43. exf4 Kf5 44. Rf7+ Kg4 45. Rf6 e3 46. Rxe6
Kf3 47. f5 e2 48. f6 Kf2 49. Kc2 e1=Q 50. Rxe1 Kxe1 51. f7 Ke2 52. d5 Ke3 53.
d6 Kd4 54. h4 Kd5 55. d7 Rh8 56. Kxc3 Ke6 57. Kd4 Kxd7 0-1

[Event "XVIII MIEDZYNARODOWY FESTIWAL SZACHOWY PERLA BALTYKU - GRUPA A (FIDE min. 1700)"]
[Site "LAZY"]
[Date "1899-12-30"]
[Round "1.12"]
[White "Galeziewski, Olaf"]
[Black "Slawinski, Miroslaw"]
[Result "1-0"]
[WhiteTitle "II+"]
[BlackTitle "k"]
[WhiteElo "1633"]
[BlackElo "2025"]

1. d4 g6 2. c4 Bg7 3. Nc3 d6 4. e4 Nd7 5. Nf3 e5 6. Be2 Ne7 7. O-O O-O 8. d5 h6
9. b4 f5 10. Nd2 Nf6 11. f3 f4 12. c5 g5 13. Nc4 h5 14. cxd6 cxd6 15. Nb5 Ne8
16. Qe1 Rf6 17. Qf2 b6 18. a4 Bd7 19. Nxa7 g4 20. Nc6 Nxc6 21. dxc6 Bxc6 22. Qxb6
Qc8 23. Qf2 Qc7 24. Qb6 Qd7 25. Kh1 h4 26. Na5 d5 27. fxg4 h3 28. gxh3 f3 29.
Rxf3 Rxf3 30. Bxf3 dxe4 31. Qxc6 Qxc6 32. Nxc6 exf3 33. Be3 Nd6 34. Kg1 e4 35.
Ra2 Nc4 36. Kf2 Nb2 37. a5 Nd3+ 38. Kg3 Bf8 39. b5 Kf7 40. h4 Bd6+ 41. Kh3 Ke6
42. b6 Rf8 43. Nd4+ Ke5 44. Nf5 Bb8 45. a6 Nf4+ 46. Bxf4+ Kxf4 47. a7 Bxa7 48.
bxa7 Ra8 49. h5 e3 50. Nxe3 Kxe3 51. Kg3 f2 52. Rxf2 Rxa7 53. Rf5 Ke4 54. Kh4
1-0

[Event "XVIII MIEDZYNARODOWY FESTIWAL SZACHOWY PERLA BALTYKU - GRUPA A (FIDE min. 1700)"]
[Site "LAZY"]
[Date "1899-12-30"]
[Round "1.13"]
[White "Ciszewski, Krzysztof"]
[Black "Zeissel, Andrzej"]
[Result "1-0"]
[WhiteTitle "I++"]
[BlackTitle "I"]
[WhiteElo "2017"]
[BlackElo "1624"]

1. d4 f5 2. c4 Nf6 3. Nc3 e6 4. e3 Bb4 5. Qc2 b6 6. Bd3 Bb7 7. Nge2 O-O 8. O-O
Bxc3 9. Nxc3 Na6 10. a3 c5 11. Rb1 d5 12. b4 cxd4 13. exd4 dxc4 14. Bxc4 Nd5 15.
Nxd5 exd5 16. Bd3 Rc8 17. Qa4 Nb8 18. Qxa7 Qc7 19. Bf4 Qxf4 20. Qxb7 Qd6 21. Rbc1
Nc6 22. Qxb6 f4 23. Ba6 f3 24. Bxc8 Rxc8 25. g3 Qh6 26. Kh1 1-0

[Event "XVIII MIEDZYNARODOWY FESTIWAL SZACHOWY PERLA BALTYKU - GRUPA A (FIDE min. 1700)"]
[Site "LAZY"]
[Date "1899-12-30"]
[Round "1.14"]
[White "Sliz, Karol"]
[Black "Kejna, Piotr"]
[Result "1/2-1/2"]
[WhiteTitle "II+"]
[BlackTitle "CM"]
[WhiteElo "1615"]
[BlackElo "1970"]

1. e4 c5 2. Nf3 d6 3. d4 cxd4 4. Nxd4 Nf6 5. Nc3 g6 6. Be3 Bg7 7. f3 Nc6 8. Qd2
O-O 9. O-O-O d5 10. Qe1 e5 11. Nxc6 bxc6 12. exd5 Nxd5 13. Bc4 Be6 14. Ne4 Qb8
15. Bc5 Rd8 16. g4 h6 17. Ba3 Nf4 18. Bxe6 Nxe6 19. Qe3 Rd5 20. Be7 Qc7 21. Nf6+
Kh8 22. Nxd5 cxd5 23. Bh4 Rc8 24. Qf2 e4 25. fxe4 Qe5 26. c3 d4 27. Bg3 Qxe4 28.
Rhe1 Qxg4 29. Be5 dxc3 30. Bxg7+ Kxg7 31. b3 Qb4 32. Re2 Nf4 33. Rc2 Re8 34. Kb1
Re4 35. Qf3 Qe7 36. Qxc3+ Kh7 37. Qc7 Qf6 38. Qxa7 Ne2 39. Qb7 Re7 1/2-1/2

[Event "XVIII MIEDZYNARODOWY FESTIWAL SZACHOWY PERLA BALTYKU - GRUPA A (FIDE min. 1700)"]
[Site "LAZY"]
[Date "1899-12-30"]
[Round "1.15"]
[White "Zabron, Maksym"]
[Black "Dylong, Antoni"]
[Result "1-0"]
[WhiteTitle "I++"]
[BlackTitle "I"]
[WhiteElo "1947"]
[BlackElo "1576"]

1. d4 Nf6 2. Nf3 e6 3. c4 Bb4+ 4. Bd2 Qe7 5. a3 Bxd2+ 6. Nbxd2 d5 7. g3 b6 8. Bg2
Bb7 9. O-O Nbd7 10. b4 a5 11. b5 O-O 12. cxd5 exd5 13. Rc1 Rac8 14. Qb3 c5 15.
bxc6 Bxc6 16. Ne5 Nxe5 17. dxe5 Qxe5 18. Qxb6 Qxe2 19. Qxa5 Qb5 20. Qc3 d4 21.
Qxd4 Rcd8 22. Qc4 Qxc4 23. Nxc4 Bb5 24. Rfe1 Rd3 25. Re3 Bxc4 26. Rxc4 Rd1+ 27.
Bf1 h5 28. Rec3 Ng4 29. Rc1 Rfd8 30. h3 Ne5 31. Rc8 Nf3+ 32. Kg2 Ne1+ 33. Kh1
Rxc8 34. Rxd1 Nf3 35. a4 Rc2 36. Rd8+ 1-0

[Event "XVIII MIEDZYNARODOWY FESTIWAL SZACHOWY PERLA BALTYKU - GRUPA A (FIDE min. 1700)"]
[Site "LAZY"]
[Date "1899-12-30"]
[Round "1.16"]
[White "Oglaza, Dawid"]
[Black "Majewski, Krzysztof"]
[Result "0-1"]
[WhiteTitle "II+"]
[BlackTitle "I+"]
[WhiteElo "1558"]
[BlackElo "1933"]

1. e4 g6 2. d4 Bg7 3. Nf3 c6 4. Nc3 d5 5. exd5 cxd5 6. Bb5+ Bd7 7. Bxd7+ Qxd7 8.
Bf4 Nc6 9. Qd2 Rc8 10. O-O Nf6 11. Rfe1 O-O 12. a3 Na5 13. Ne5 Qd8 14. Rad1 Nc4
15. Nxc4 Rxc4 16. Be5 e6 17. Qg5 Nd7 18. Qxd8 Rxd8 19. Bxg7 Kxg7 20. f4 a6 21.
Rd2 Rdc8 22. Ree2 Nf6 23. Rd3 b5 24. Kf1 b4 25. axb4 Rxb4 26. b3 Rb7 27. Nd1 Rbc7
28. Ne3 Rc3 29. Rxc3 Rxc3 30. Nd1 Rc7 31. Nf2 a5 32. Ke1 a4 33. bxa4 Rc4 34. Rd2
Rxa4 35. Ke2 Kh6 36. Rd3 Rc4 37. Kd1 Kg7 38. Kc1 h5 39. h4 Ne8 40. Nh1 Nd6 41.
Ng3 Kf6 42. c3 Ra4 43. Kd1 Nf5 44. Nxf5 Kxf5 45. Ke2 Kg4 46. Rh3 Ra2+ 47. Kf1
Rc2 48. Rf3 Kxh4 49. Kg1 Kg4 50. Kh2 h4 51. Kg1 Re2 52. Kh2 Re4 53. f5 gxf5 54.
Kg1 Re2 55. Kf1 Rc2 56. Kg1 f4 57. Kh2 Re2 58. Rf1 Rc2 59. Rf3 f5 60. Kg1 Re2
61. Rf2 Rxf2 62. Kxf2 f3 63. gxf3+ Kf4 64. Kg2 h3+ 65. Kxh3 Kxf3 66. Kh4 Ke4 67.
Kg5 f4 68. Kf6 f3 69. Kxe6 f2 70. c4 dxc4 71. d5 f1=Q 72. d6 Qh3+ 73. Ke7 c3 74.
d7 Qxd7+ 0-1

[Event "XVIII MIEDZYNARODOWY FESTIWAL SZACHOWY PERLA BALTYKU - GRUPA A (FIDE min. 1700)"]
[Site "LAZY"]
[Date "1899-12-30"]
[Round "1.17"]
[White "Bartlomowicz, Jakub"]
[Black "Merecki, Antoni"]
[Result "1-0"]
[WhiteTitle "I"]
[BlackTitle "II"]
[WhiteElo "1922"]
[BlackElo "1543"]

1. e4 e6 2. d4 d5 3. Nd2 Be7 4. c3 Nf6 5. e5 Nfd7 6. Bd3 c5 7. Ne2 Nc6 8. O-O Qb6
9. Nf3 g5 10. Bxg5 Bxg5 11. Nxg5 cxd4 12. cxd4 Nxd4 13. Nxd4 Qxd4 14. Nxf7 Rg8
15. Nh6 Rxg2+ 16. Kxg2 Qh4 17. Ng4 Qg5 18. f4 Qg7 19. Kh1 1-0

[Event "XVIII MIEDZYNARODOWY FESTIWAL SZACHOWY PERLA BALTYKU - GRUPA A (FIDE min. 1700)"]
[Site "LAZY"]
[Date "1899-12-30"]
[Round "1.18"]
[White "Bienko, Jagoda"]
[Black "Rogala, Milosz"]
[Result "0-1"]
[WhiteTitle "I"]
[BlackTitle "I"]
[WhiteElo "1529"]
[BlackElo "1837"]

1. d4 d5 2. c4 dxc4 3. e4 c5 4. dxc5 Qa5+ 5. Nc3 e6 6. Bxc4 Bxc5 7. Nf3 Nc6 8.
O-O a6 9. a3 b5 10. Bd3 Bb7 11. Bd2 Qd8 12. Qe2 Nge7 13. b4 Nd4 14. Nxd4 Bxd4
15. Rac1 O-O 16. Kh1 Ng6 17. f4 f5 18. exf5 exf5 19. Qe6+ Kh8 20. Rfe1 Rf6 21.
Qb3 Nh4 22. Bf1 Rg6 23. Re2 Nf3 24. Qf7 Bc6 25. h3 Qh4 26. Ne4 Qxh3+ 0-1

[Event "XVIII MIEDZYNARODOWY FESTIWAL SZACHOWY PERLA BALTYKU - GRUPA A (FIDE min. 1700)"]
[Site "LAZY"]
[Date "1899-12-30"]
[Round "2.1"]
[White "Bancarewicz, Aleks"]
[Black "Banasik, Krzysztof"]
[Result "1/2-1/2"]
[WhiteTitle "I+"]
[BlackTitle "k+"]
[WhiteElo "1786"]
[BlackElo "2199"]

1. e4 e6 2. d4 d5 3. Nc3 dxe4 4. Nxe4 Nd7 5. Nf3 Ngf6 6. Ng3 c5 7. Be3 Qb6 8. b3
Nd5 9. Bc4 Nxe3 10. fxe3 cxd4 11. exd4 Bb4+ 12. Kf1 Nf6 13. Qd3 O-O 14. c3 Be7
15. Re1 Qc7 16. Qc2 a6 17. a4 Rb8 18. Bd3 b5 19. axb5 axb5 20. Ne4 h6 21. Nxf6+
Bxf6 22. Kf2 b4 23. c4 Rd8 24. Qd2 Qd6 25. Be4 Bxd4+ 26. Qxd4 Qxd4+ 27. Nxd4 Rxd4
28. Ke3 e5 29. Rd1 Rxd1 30. Rxd1 Be6 31. Bd5 Bf5 32. Be4 Be6 33. Bd5 Bf5 1/2-1/2

[Event "XVIII MIEDZYNARODOWY FESTIWAL SZACHOWY PERLA BALTYKU - GRUPA A (FIDE min. 1700)"]
[Site "LAZY"]
[Date "1899-12-30"]
[Round "2.2"]
[White "Rawicz, Karol"]
[Black "Gbiorczyk, Mikolaj"]
[Result "1/2-1/2"]
[WhiteTitle "FM"]
[BlackTitle "I"]
[WhiteElo "2186"]
[BlackElo "1781"]

1. e4 c5 2. Nf3 Nc6 3. d4 cxd4 4. Nxd4 Nf6 5. Nc3 e5 6. Ndb5 d6 7. Bg5 a6 8. Na3
b5 9. Nd5 Be7 10. Bxf6 Bxf6 11. c3 Ne7 12. Nc2 Nxd5 13. Qxd5 Ra7 14. Nb4 Bb7 15.
Qd3 O-O 16. Be2 Qa8 17. Nd5 Bxd5 18. Qxd5 Qxd5 19. exd5 Rb8 20. a3 Bd8 21. O-O
f5 22. g3 Rc7 23. Kg2 Rc5 24. Rfd1 Kf7 25. Rac1 Kf6 26. b4 Rc7 27. a4 bxa4 28.
Bxa6 a3 29. Be2 1/2-1/2

[Event "XVIII MIEDZYNARODOWY FESTIWAL SZACHOWY PERLA BALTYKU - GRUPA A (FIDE min. 1700)"]
[Site "LAZY"]
[Date "1899-12-30"]
[Round "2.3"]
[White "Mulet, Piotr"]
[Black "Kossowski, Pawel"]
[Result "1-0"]
[WhiteTitle "FM"]
[BlackTitle "I"]
[WhiteElo "2111"]
[BlackElo "1737"]

1. d4 Nf6 2. c4 e6 3. Nc3 Bb4 4. Qc2 O-O 5. Nf3 d5 6. cxd5 exd5 7. Bg5 c6 8. e3
Nbd7 9. Bd3 h6 10. Bh4 Re8 11. O-O Nf8 12. Ne5 Ne6 13. f4 a6 14. Bh7+ Kf8 15.
Ne2 Be7 16. Ng3 g5 17. Nxf7 Qc7 18. fxg5 hxg5 19. Bxg5 Nxg5 20. Nxg5 1-0

[Event "XVIII MIEDZYNARODOWY FESTIWAL SZACHOWY PERLA BALTYKU - GRUPA A (FIDE min. 1700)"]
[Site "LAZY"]
[Date "1899-12-30"]
[Round "2.4"]
[White "Kotowicz, Kamil"]
[Black "Betkowski, Andrzej"]
[Result "0-1"]
[WhiteTitle "I"]
[BlackTitle "k"]
[WhiteElo "1770"]
[BlackElo "2063"]

1. d4 g6 2. c4 Bg7 3. Nc3 c5 4. d5 f5 5. Nf3 Bxc3+ 6. bxc3 Qa5 7. Qc2 d6 8. Bd2
Nf6 9. h4 Nbd7 10. e3 Nb6 11. Bd3 Bd7 12. Ng5 h6 13. Nh3 O-O-O 14. Nf4 Rdg8 15.
h5 Nxh5 16. Nxh5 gxh5 17. g3 Rg5 18. Be2 e6 19. e4 Rgg8 20. dxe6 Bxe6 21. exf5
Bxc4 22. Bxc4 Nxc4 23. O-O-O Rf8 24. Qb3 d5 25. Rxh5 Rf6 26. a4 Rb6 27. Qa2 Rb2
28. Qxc4 dxc4 29. Kxb2 Qxa4 30. Ra1 Qc6 31. Be3 Qf3 32. Rxa7 Qe2+ 33. Kc1 Kb8
34. Ra3 b5 35. Rxh6 Rxh6 36. Bxh6 Qf1+ 37. Kc2 Qxf2+ 38. Bd2 Qxf5+ 39. Kc1 Qf1+
40. Kc2 Qd3+ 41. Kc1 b4 42. Ra5 b3 43. Rb5+ Kc7 44. Kd1 Kc6 45. Rb8 Qxg3 46. Rc8+
Kb7 47. Rh8 Qd3 0-1

[Event "XVIII MIEDZYNARODOWY FESTIWAL SZACHOWY PERLA BALTYKU - GRUPA A (FIDE min. 1700)"]
[Site "LAZY"]
[Date "1899-12-30"]
[Round "2.5"]
[White "Borkowski, Szymon"]
[Black "Gradalski, Olaf"]
[Result "1/2-1/2"]
[WhiteTitle "I"]
[BlackTitle "k"]
[WhiteElo "1715"]
[BlackElo "2049"]

1. d4 Nf6 2. c4 e6 3. Nc3 Bb4 4. f3 c5 5. a3 Bxc3+ 6. bxc3 Nc6 7. e3 d6 8. Bd3
b6 9. Ne2 O-O 10. O-O Na5 11. Ng3 Ba6 12. Qe2 Qd7 13. a4 cxd4 14. cxd4 Rfc8 15.
Bd2 Bxc4 16. Bxa5 Bxd3 17. Qxd3 bxa5 18. Qd2 Nd5 19. e4 Nb4 20. Qg5 Qd8 21. Qxd8+
Rxd8 22. Rfc1 Rdc8 23. Ne2 Nd3 24. Rd1 Nb2 25. Rdb1 Nc4 26. Rb7 Nb6 27. Ra3 Rc2
28. Kf1 Rac8 29. Rxa7 Nc4 30. Rc3 Rxc3 31. Nxc3 g6 32. Nb5 d5 33. Ke2 Nb2 34.
Rxa5 Rc2+ 35. Kf1 Nc4 36. Ra8+ Kg7 37. exd5 Ne3+ 38. Kg1 Rxg2+ 39. Kh1 Rb2 40.
Kg1 exd5 41. Re8 Nf5 42. Re5 Nh4 43. Re3 Ra2 44. Nc3 Rg2+ 45. Kh1 Rc2 46. Kg1
Rd2 47. a5 Nf5 48. Re2 Rd3 49. Nb5 Nxd4 50. Nxd4 Rxd4 51. Ra2 Rc4 52. a6 Rc8 53.
Kf2 Kf6 54. a7 Ra8 55. Ra5 Ke5 56. Ke3 g5 57. h3 h5 58. Ra4 d4+ 59. Kf2 f6 60.
Ra5+ Ke6 61. Ke2 f5 62. Kd3 g4 63. fxg4 fxg4 64. hxg4 hxg4 65. Kxd4 g3 66. Re5+
Kf6 67. Ra5 g2 68. Ra1 Rxa7 69. Rg1 Ra2 70. Ke3 Ke5 71. Kf3 1/2-1/2

[Event "XVIII MIEDZYNARODOWY FESTIWAL SZACHOWY PERLA BALTYKU - GRUPA A (FIDE min. 1700)"]
[Site "LAZY"]
[Date "1899-12-30"]
[Round "2.6"]
[White "Lecki, Leonard"]
[Black "Ciszewski, Krzysztof"]
[Result "0-1"]
[WhiteTitle "II+"]
[BlackTitle "I++"]
[WhiteElo "1658"]
[BlackElo "2017"]

1. e4 c5 2. Nf3 d6 3. d4 cxd4 4. Qxd4 Nc6 5. Bb5 Bd7 6. Qd3 g6 7. c4 Bg7 8. Nc3
Nf6 9. h3 O-O 10. Be3 a6 11. Bxc6 Bxc6 12. O-O Nd7 13. Nd4 Rc8 14. Rac1 Qa5 15.
b3 Rfe8 16. a4 Nc5 17. Qb1 Qb4 18. Nd5 Bxd5 19. exd5 Bxd4 20. Bxd4 Qxb3 21. a5
Qxb1 22. Rxb1 Kf8 23. Rfc1 Rc7 24. Bxc5 Rxc5 25. Rxb7 Rxa5 26. Rc7 e6 27. Rb1
Rc5 28. Ra7 Rxc4 29. Rbb7 Rf4 30. Rxa6 exd5 31. Rxd6 Re1+ 32. Kh2 Rxf2 33. Rxd5
Ree2 34. Rg5 h6 35. Rg3 Kg7 36. Rbb3 Rc2 37. Rbf3 Rfd2 38. Rd3 Re2 39. Rde3 Red2
40. Rd3 g5 41. Rxd2 Rxd2 42. Ra3 Kg6 43. Ra6+ f6 44. Ra4 h5 45. h4 g4 46. Rf4
f5 47. Ra4 Kf6 48. Kg3 Ke5 49. Ra5+ Ke4 50. Ra4+ Ke3 51. Ra3+ Ke4 52. Ra4+ Ke3
53. Ra3+ Ke2 54. Kf4 Kf1 55. g3 Rf2+ 56. Kg5 Rf3 57. Ra1+ Kg2 58. Kxh5 Kxg3 59.
Kg5 Kf2 60. h5 g3 61. h6 g2 62. Ra2+ Kf1 63. Ra1+ Kf2 64. Ra2+ Kg1 65. Kg6 Kh1
66. Kh7 g1=Q 67. Kh8 Qg6 68. Ra1+ Kg2 69. Ra2+ Kh3 70. Ra7 Qxh6+ 71. Rh7 Qxh7+
0-1

[Event "XVIII MIEDZYNARODOWY FESTIWAL SZACHOWY PERLA BALTYKU - GRUPA A (FIDE min. 1700)"]
[Site "LAZY"]
[Date "1899-12-30"]
[Round "2.7"]
[White "Pijewski, Milosz"]
[Black "Zabron, Maksym"]
[Result "1/2-1/2"]
[WhiteTitle "II"]
[BlackTitle "I++"]
[WhiteElo "1496"]
[BlackElo "1947"]

1. Nf3 d5 2. b3 Nf6 3. Bb2 e6 4. g3 Bd6 5. d4 O-O 6. Bg2 Nbd7 7. O-O b5 8. Nbd2
Ba6 9. Ne5 c5 10. c4 bxc4 11. bxc4 cxd4 12. Nxd7 Qxd7 13. Bxd4 e5 14. Be3 Bb7
15. cxd5 Nxd5 16. Nc4 Nxe3 17. Nxe3 Bxg2 18. Kxg2 Rfd8 19. Rb1 h5 20. h4 Rac8
21. Qd5 Qc6 22. Qxc6 Rxc6 23. Rfd1 Rc7 24. Nf5 Rcd7 25. Rxd6 Rxd6 26. Nxd6 Rxd6
27. Rb8+ Kh7 28. Rb7 Ra6 29. Rb2 1/2-1/2